000 00570nam a2200217Ia 4500
005 20250326144445.0
008 250326s9999 xx 000 0 und d
020 _a978-0-19-566986-2
037 _aTextbook
040 _aFMSL
_beng
_cFMSL
041 _aeng
_2eng
084 _aX512:8 P8
_qFMSL
100 _aBajaj C
_9747845
245 0 _aRetail management
_cBajaj C And Others
260 _aNew Delhi
_bNew Delhi, Oxford
_c2005
300 _a698p
365 _b365
650 _aManagement
942 _cTB
_hX512:8 P8
999 _c1303759
_d1303759